Loading...
| Literature - British | 0 | 9 | 0 | 1 | 90 | 40 | 76.44 | 8 | 9 | 0.00 | 0.00 |
| Literature - World | 0 | 9 | 1 | 1 | 85 | 24 | 84.44 | 8 | 9 | 0.00 | 0.00 |
| Literature - American | 0 | 8 | 0 | 0 | 80 | 27 | 56.38 | 8 | 8 | 0.00 | 0.00 |
| Literature - European | 0 | 8 | 0 | 0 | 80 | 36 | 67.13 | 8 | 8 | 0.00 | 0.00 |
| Philosophy | 0 | 8 | 2 | 0 | 70 | 52 | 84.00 | 7 | 8 | 0.00 | 0.00 |
| Social Science | 0 | 4 | 1 | 1 | 35 | 71 | 94.00 | 0 | 4 | 0.00 | 0.00 |
| History - American | 0 | 4 | 1 | 1 | 35 | 78 | 106.50 | 1 | 3 | 0.00 | 0.00 |
| History - Other | 0 | 4 | 1 | 0 | 35 | 83 | 92.75 | 2 | 3 | 0.00 | 0.00 |
| Mythology | 0 | 4 | 1 | 0 | 35 | 87 | 100.00 | 3 | 4 | 0.00 | 0.00 |
| History - European | 0 | 3 | 0 | 1 | 30 | 68 | 100.33 | 2 | 3 | 0.00 | 0.00 |
| Fine Arts - Painting and Sculpture | 0 | 3 | 0 | 0 | 30 | 72 | 79.67 | 3 | 3 | 0.00 | 0.00 |
| Fine Arts - Classical Music | 0 | 2 | 0 | 1 | 20 | 133 | 137.00 | 1 | 2 | 0.00 | 0.00 |
| Religion | 0 | 3 | 2 | 0 | 20 | 83 | 102.67 | 1 | 3 | 0.00 | 0.00 |
| History - World | 0 | 2 | 1 | 0 | 15 | 28 | 72.00 | 2 | 2 | 0.00 | 0.00 |
| Fine Arts - Other | 0 | 1 | 0 | 0 | 10 | 140 | 140.00 | 0 | 1 | 0.00 | 0.00 |